Nelegálna práca

Nelegálna práca a nelegálne zamestnávanie. Kontrola a postihy nelegálnej práce. Dodatočné platby zamestnávateľa.

Salvato in:
Dettagli Bibliografici
Autore principale: Višňovec, Ignác
Natura: Capitolo di libro
Lingua:slovacco
Soggetti:
Tags: Aggiungi Tag
Nessun Tag, puoi essere il primo ad aggiungerne!!

MARC

LEADER 00000naa a2200000 4500
001 0161566
005 20231120125711.9
041 0 |a slo 
044 |a SK 
245 1 0 |a Nelegálna práca  |c Ignác Višňovec 
520 |a Nelegálna práca a nelegálne zamestnávanie. Kontrola a postihy nelegálnej práce. Dodatočné platby zamestnávateľa. 
610 2 0 |a práca nelegálna 
610 2 0 |a činnosť trestná 
610 2 0 |a zamestnávatelia 
610 2 0 |a ekonomika tieňová 
100 1 |a Višňovec, Ignác